01419nam a22003737a 4500003000500000005001700005008004100022010001100063011001100074020001500085035001100100040000900111082001800120100003100138245009600169260005800265300001100323490003100334534009900365590004100464590004100505590004100546590004200587650004000629650002900669650003200698650003300730830003800763901000700801942001000808949007000818999001900888952013800907CHAP20220817044433.0110413s1981 mx r 00010 spa d a100943 a101915 a9681608730 a112603 cCHAP04a364.1323bR271 aReisman, W. Michael99580010a¿Remedios contra la corrupción? :bcohecho, cruzadas y reformasc/por W. Michael Reisman aMéxico, D.F. :bFondo de Cultura Económica,c1981 a342 p. 0aColección popularv; 216 pTít. original :tFolded lies. Bribery, crusades, and reforms.cNueva York : Macmillan,c1979. aBATCH-UPDb10c20130110lUCH01h1712 aBATCH-UPDb10c20130410lUCH01h1058 aBATCH-UPDb10c20130914lUCH01h1005 aCONVERSIONb10c20130109lUCH01h135614aCorrupción administrativa.92827314aDerechos humanos.93191614aÉtica profesional.98278114aPolítica socialzMéxico.0 aColección popularv; 216924953 aBK cLIBRO a364.1323 R27bBCcLIBROd33724002258629eLIBROh114682i112603sb c100943d100943 00102ddc4052708GRALaBCbBCcPA_GRALd2019-12-31fLIBROl0o364.1323 R27p33724002258629r2019-12-31 00:00:00w2019-12-31yLIBRO